000 00356nam a2200145Ia 4500
008 150301s2014 xx 000 0 und d
082 _a610
_bA14S
100 _aSHUKLA, SAUMYA
245 _aACROSS: A COMPLETE REVIEW OF SHORT SUBJECT
250 _a8TH
260 _bJAYPEE
_aDELHI
_c2014
300 _a1490
650 _aGENERAL MEDICINE
942 _2ddc
_cBK
999 _c6685
_d6685